000 00664nam a2200205Ia 4500
003 OSt
005 20200909123942.0
008 190216s9999||||xx |||||||||||||| ||und||
020 _a9788120330306
020 _a9788131710005
040 _coclc
082 _a621.3822
_bPRO/D
100 _aProakis, John G
_94524
245 0 _aDigital Signal Processing :
_bPrinciples, Algorithms and Applications /
_cJohn G Proakis ; Dimitris G Manolakis
250 _a4th Ed.
260 _bPearson Education,
_bPrentice Hall Of India,
_aNew Delhi:
_c2006.
300 _a1084p
650 _aPhysics
942 _cBK
_2ddc
_h621.3822
_iPRO/D
_k621.3822
_mPRO/D
999 _c34049
_d34049